1150 1950 1047 1548 1949 1719 1391 1930 1376 2000 1765 1932 1465 1154 1055 1591 1248 1302 1968 1851 1329 1480 1745 1228 1067 1232 1504 1124 1605 1239 1105 1868 1371 1648 1021 1254 1069 1070 1143 1935 1527 1042 1330 1000 1446 1597 1069 1904 1636 1779 1050 1006 1768 1934 1376 1121 1035 1934 1331 1302 1174 1328 1364 1685 1785 1657 1497 1956 1741 1176 1758 1020 1462 1160 1889 1572 1362 1306 1132 1727 1455 1752 1047 1217 1597 1906 1691 1148 1881 1948 1772 1832 1419 1861 1129 1468 1971 1536 1928 BCNSPRNW ULIB Ver.6.0+V

เปลี่ยนเป็นภาษาไทย

Change to English
 แสดงรายละเอียดบรรณานุกรม
  กลับหน้าหลัก

Brief Record : Get Marc (ISO 2709) : E-mail record : QR code < ปิดหน้าต่าง
LEADER : 00000nam 2200000uu 4500
001    13399129002
003     ULIB
008    250502s2567||||th 000 0 tha d
020    ^a9786168012147
060 04 ^aWY85^bค695
245 00 ^aคู่มือส่งเสริมจริยธรรมสำหรับองค์การพยาบาล :^bกลไกและการปฏิบัติ/^cบรรณาธิการ, ทัศนา บุญทอง, อังคณา สริยาภรณ์, สุนทราวดี เธียรพิเชฐ, ชุลีพร เชาวน์เมธากิจ
250    ^aพิมพ์ครั้งที่ 1(ฉบับปรับปรุงครั้งที่ 2)
260    ^aนนทบุรี :^bสภาการพยาบาล,^c2567
300    ^a304 หน้า ;^c21 ซม.
650  4 ^aจรรยาบรรณพยาบาล
650  4 ^aจริยธรรม
700 0  ^aทัศนา บุญทอง,^eบรรณาธิการ
700 0  ^aอังคณา สริยาภรณ์,^eบรรณาธิการ
700 0  ^aสุนทราวดี เธียรพิเชฐ,^eบรรณาธิการ
700 0  ^aชุลีพร เชาวน์เมธากิจ ,^eบรรณาธิการ
710 2  ^aสภาการพยาบาล
945    ^p0^l0^i30421
945    ^p0^l0^i30422
945    ^p0^l0^i30423
945    ^p0^l0^i30424
945    ^p0^l0^i30425
945    ^p0^l0^i30426
945    ^p0^l0^i30427
945    ^p0^l0^i30428
945    ^p0^l0^i30429
945    ^p0^l0^i30430
999    ^aกัณชพร จุลอักษร
รายการนี้ยังไม่มีแท็ก
คุณยังไม่ได้ล็อกอิน คุณสามารถมีกิจกรรมร่วมกับเว็บไซต์ได้ แต่ต้องล็อกอินก่อน ::
  ล็อกอิน

รายการสื่อสารสนเทศ

ลำดับที่ ประเภท เลขเรียก/บาร์โค้ด สถานที่ สถานะ
1. หนังสือสำรอง
หนังสือสำรอง
WY85 ค695 ฉ.1 
  Barcode: 30421
ห้องสมุดวิทยาเขตนครสวรรค์
►หนังสือทั่วไป:l:General Books
บนชั้น
2. วิทยาศาสตร์การแพทย์ และสุขภาพ
วิทยาศาสตร์การแพทย์ และสุขภาพ
WY85 ค695 ฉ.10 
  Barcode: 30430
ห้องสมุดวิทยาเขตนครสวรรค์
►หนังสือทั่วไป:l:General Books
บนชั้น
3. วิทยาศาสตร์การแพทย์ และสุขภาพ
วิทยาศาสตร์การแพทย์ และสุขภาพ
WY85 ค695 ฉ.2 
  Barcode: 30422
ห้องสมุดวิทยาเขตนครสวรรค์
►หนังสือทั่วไป:l:General Books
บนชั้น
4. วิทยาศาสตร์การแพทย์ และสุขภาพ
วิทยาศาสตร์การแพทย์ และสุขภาพ
WY85 ค695 ฉ.3 
  Barcode: 30423
ห้องสมุดวิทยาเขตนครสวรรค์
►หนังสือทั่วไป:l:General Books
บนชั้น
5. วิทยาศาสตร์การแพทย์ และสุขภาพ
วิทยาศาสตร์การแพทย์ และสุขภาพ
WY85 ค695 ฉ.4 
  Barcode: 30424
ห้องสมุดวิทยาเขตนครสวรรค์
►หนังสือทั่วไป:l:General Books
บนชั้น
6. วิทยาศาสตร์การแพทย์ และสุขภาพ
วิทยาศาสตร์การแพทย์ และสุขภาพ
WY85 ค695 ฉ.5 
  Barcode: 30425
ห้องสมุดวิทยาเขตนครสวรรค์
►หนังสือทั่วไป:l:General Books
บนชั้น
7. วิทยาศาสตร์การแพทย์ และสุขภาพ
วิทยาศาสตร์การแพทย์ และสุขภาพ
WY85 ค695 ฉ.6 
  Barcode: 30426
ห้องสมุดวิทยาเขตนครสวรรค์
►หนังสือทั่วไป:l:General Books
บนชั้น
8. วิทยาศาสตร์การแพทย์ และสุขภาพ
วิทยาศาสตร์การแพทย์ และสุขภาพ
WY85 ค695 ฉ.7 
  Barcode: 30427
ห้องสมุดวิทยาเขตนครสวรรค์
►หนังสือทั่วไป:l:General Books
บนชั้น
9. วิทยาศาสตร์การแพทย์ และสุขภาพ
วิทยาศาสตร์การแพทย์ และสุขภาพ
WY85 ค695 ฉ.8 
  Barcode: 30428
ห้องสมุดวิทยาเขตนครสวรรค์
►หนังสือทั่วไป:l:General Books
บนชั้น
10. วิทยาศาสตร์การแพทย์ และสุขภาพ
วิทยาศาสตร์การแพทย์ และสุขภาพ
WY85 ค695 ฉ.9 
  Barcode: 30429
ห้องสมุดวิทยาเขตนครสวรรค์
►หนังสือทั่วไป:l:General Books
บนชั้น

รายการใกล้เคียง
    หัวเรื่อง [จรรยาบรรณพยาบาล]
    หัวเรื่อง [จริยธรรม]

BibComment


ยังไม่เคยถูกคอมเมนท์

คอมเมนท์ทรัพยากรรายการนี้
  คอมเมนท์: คู่มือส่งเสริมจร..


 Copyright 2026. Bcnsprnw @Library